000 01255nam a2200337 i 4500
001 bg
003 BPK
005 20200506104126.0
008 971016s1989 pl a f f |001 0 pol
015 _aPB 1989/5771
020 _a8301075295
020 _a8301089911
040 _aWA N
_cBPK
041 1 _apol
_hrus
080 _a53
080 _a(075.8)
100 1 _aSavel'ev, Igor' Vladimirovič
245 1 0 _aKurs fizyki.
_nT. 3,
_pOptyka kwantowa, Fizyka atomowa, Fizyka ciała stałego, Fizyka jądra atomowego i cząstek elementarnych /
_cI. W. Sawieliew ; [z ros. tł. Włodzimierz Komar].
246 3 0 _aOptyka kwantowa
246 3 0 _aFizyka atomowa
246 1 _aFizyka ciała stałego
246 3 0 _a Fizyka jądra atomowego i cząstek elementarnych
246 1 _iTyt. oryg.:
_aKurs obščej fiziki.
_nT. 3,
_pKvantovaja optika, Atomnaja fizika, Fizika tverdogo tela, Fizika atomnogo jadra i èlementarnych častic,
_f1982.
260 _aWarszawa :
_bPańst. Wydaw. Naukowe,
_c1989.
300 _a361, [2] s. :
_bfot., rys., wykr., err. ;
_c21 cm.
504 _aIndeks.
650 4 _aFizyka
_xszkoły wyższe.
655 4 _aPodręczniki akademickie
700 1 _aKomar, Włodzimierz
_eTłumaczenie
942 _2UKD
_cKS
999 _c3922
_d3922